| 000 | 00838cam a22002773a 4500 | ||
|---|---|---|---|
| 001 | 3489 | ||
| 003 | PGUSA | ||
| 005 | 20140828083033.0 | ||
| 008 | 021001s2002||||xxu|||||s|||||000 | eng d | ||
| 040 |
_aPGUSA _beng |
||
| 042 | _adc | ||
| 050 | 4 | _aQL | |
| 100 | 1 |
_aLegros, Georges Victor, _d1862- |
|
| 245 | 1 | 0 |
_aFabre, Poet of Science _h[electronic resource] / _cGeorges Victor Legros |
| 260 |
_bProject Gutenberg, _c2002 |
||
| 500 | _aTranslation of La vie de J. H. Fabre. | ||
| 506 | _aPublic domain in the USA. | ||
| 516 | _aElectronic text | ||
| 653 | _aEntomologists -- France -- Biography | ||
| 653 | _aFabre, Jean-Henri, 1823-1915 | ||
| 700 | 1 |
_aMiall, Bernard, _d1876- |
|
| 740 | 0 | _aLa vie de J. H. Fabre. English | |
| 830 | 0 |
_aProject Gutenberg _v3489 |
|
| 856 | 4 | 0 | _uhttp://www.gutenberg.org/ebooks/3489 |
| 942 | _cEB | ||
| 999 |
_c232818 _d232818 |
||